[Event "Chelyabinsk"]
[Site "?"]
[Date "2019.01.12"]
[Round "1.1"]
[White "Korneev, Oleg"]
[Black "Gutenev, Alexander"]
[Result "1/2-1/2"]
[BlackElo "2456"]
[WhiteElo "2545"]
[LiveChessVersion "1.4.8"]

1. e4 {[%clk 1:30:55]} c5 {[%clk 1:30:53]} 2. Nf3 {[%clk 1:30:37]} Nc6
{[%clk 1:31:09]} 3. Bb5 {[%clk 1:21:54]} g6 {[%clk 1:31:20]} 4. Bxc6
{[%clk 1:19:39]} bxc6 {[%clk 1:31:36]} 5. O-O {[%clk 1:20:01]} Bg7
{[%clk 1:32:02]} 6. Re1 {[%clk 1:20:09]} Nh6 {[%clk 1:31:49]} 7. c3
{[%clk 1:19:11]} O-O {[%clk 1:31:27]} 8. d4 {[%clk 1:19:25]} cxd4
{[%clk 1:30:57]} 9. cxd4 {[%clk 1:19:53]} d5 {[%clk 1:31:12]} 10. e5
{[%clk 1:20:12]} f6 {[%clk 1:31:31]} 11. exf6 {[%clk 1:20:32]} exf6
{[%clk 1:31:36]} 12. Nbd2 {[%clk 1:20:54]} Re8 {[%clk 1:25:58]} 13. Nb3
{[%clk 1:12:47]} Nf7 {[%clk 1:09:55]} 14. h3 {[%clk 1:01:20]} Bf5
{[%clk 1:02:34]} 15. Rxe8+ {[%clk 0:57:05]} Qxe8 {[%clk 1:02:22]} 16. Bf4
{[%clk 0:57:32]} Bf8 {[%clk 1:01:25]} 17. Qd2 {[%clk 0:48:58]} Nd6
{[%clk 0:59:44]} 18. Bxd6 {[%clk 0:47:06]} Bxd6 {[%clk 0:59:36]} 19. Nc5
{[%clk 0:45:41]} Qf7 {[%clk 0:54:25]} 20. b4 {[%clk 0:37:14]} Re8
{[%clk 0:51:54]} 21. a4 {[%clk 0:37:28]} Be4 {[%clk 0:42:03]} 22. Qc3
{[%clk 0:36:25]} Bxf3 {[%clk 0:30:23]} 23. Qxf3 {[%clk 0:36:10]} Qe7
{[%clk 0:30:49]} 24. g3 {[%clk 0:34:25]} Kg7 {[%clk 0:28:54]} 25. Kg2
{[%clk 0:32:15]} Bxc5 {[%clk 0:21:23]} 26. dxc5 {[%clk 0:32:31]} a6
{[%clk 0:21:41]} 27. b5 {[%clk 0:27:32]} axb5 {[%clk 0:18:09]} 28. axb5
{[%clk 0:27:44]} cxb5 {[%clk 0:12:51]} 29. Qxd5 {[%clk 0:24:57]} Qe4+
{[%clk 0:12:35]} 30. Qxe4 {[%clk 0:25:25]} Rxe4 {[%clk 0:13:02]} 31. Rc1
{[%clk 0:24:39]} b4 {[%clk 0:10:05]} 32. Kf3 {[%clk 0:19:32]} Re8
{[%clk 0:10:19]} 33. Rb1 {[%clk 0:19:40]} Rc8 {[%clk 0:10:38]} 34. Rxb4
{[%clk 0:20:06]} 1/2-1/2

[Event "Chelyabinsk"]
[Site "?"]
[Date "2019.01.12"]
[Round "1.3"]
[White "Khanin, Semen"]
[Black "Sivuk, Vitaly"]
[Result "1-0"]
[BlackElo "2552"]
[WhiteElo "2514"]
[LiveChessVersion "1.4.8"]

1. e4 {[%clk 1:30:57]} Nc6 {[%clk 1:30:48]} 2. d4 {[%clk 1:29:47]} e5
{[%clk 1:31:03]} 3. dxe5 {[%clk 1:26:24]} Nxe5 {[%clk 1:31:26]} 4. Nf3
{[%clk 1:25:37]} Nxf3+ {[%clk 1:31:37]} 5. Qxf3 {[%clk 1:26:01]} Bb4+
{[%clk 1:26:09]} 6. Nc3 {[%clk 1:22:25]} Qf6 {[%clk 1:23:25]} 7. Bd2
{[%clk 1:19:18]} Qxf3 {[%clk 1:14:39]} 8. gxf3 {[%clk 1:19:44]} Ne7
{[%clk 1:14:47]} 9. O-O-O {[%clk 1:18:01]} a6 {[%clk 1:07:55]} 10. Rg1
{[%clk 1:15:00]} O-O {[%clk 1:07:16]} 11. f4 {[%clk 1:07:00]} f5 {[%clk 1:02:07]}
12. Bc4+ {[%clk 1:03:34]} Kh8 {[%clk 1:02:16]} 13. e5 {[%clk 1:03:18]} b5
{[%clk 0:56:47]} 14. Bb3 {[%clk 0:53:33]} Bb7 {[%clk 0:40:12]} 15. Nd5
{[%clk 0:32:17]} Bxd2+ {[%clk 0:38:00]} 16. Rxd2 {[%clk 0:32:34]} Bxd5
{[%clk 0:37:59]} 17. Bxd5 {[%clk 0:33:00]} Rad8 {[%clk 0:38:02]} 18. Rgd1
{[%clk 0:29:21]} Ng6 {[%clk 0:36:02]} 19. Bb3 {[%clk 0:23:33]} c5
{[%clk 0:33:00]} 20. Be6 {[%clk 0:23:01]} Nxf4 {[%clk 0:30:31]} 21. Bxd7
{[%clk 0:23:25]} Ng6 {[%clk 0:30:45]} 22. Rd5 {[%clk 0:22:20]} c4
{[%clk 0:30:33]} 23. R1d4 {[%clk 0:21:17]} f4 {[%clk 0:29:34]} 24. a4
{[%clk 0:20:56]} bxa4 {[%clk 0:28:09]} 25. Bxa4 {[%clk 0:19:07]} Rxd5
{[%clk 0:26:11]} 26. Rxd5 {[%clk 0:19:33]} h6 {[%clk 0:26:27]} 27. e6
{[%clk 0:18:52]} Rf6 {[%clk 0:23:53]} 28. Rd8+ {[%clk 0:18:08]} Kh7
{[%clk 0:24:18]} 29. Bd7 {[%clk 0:18:12]} f3 {[%clk 0:24:06]} 30. Kd2
{[%clk 0:15:54]} Ne7 {[%clk 0:21:13]} 31. Re8 {[%clk 0:14:37]} Nd5
{[%clk 0:21:23]} 32. Bc6 {[%clk 0:14:38]} Rf5 {[%clk 0:21:01]} 33. Rd8
{[%clk 0:14:32]} Nf6 {[%clk 0:20:17]} 34. e7 {[%clk 0:14:57]} Rc5
{[%clk 0:20:25]} 35. Rd6 {[%clk 0:14:11]} 1-0

[Event "Chelyabinsk"]
[Site "?"]
[Date "2019.01.12"]
[Round "1.4"]
[White "Drygalov, Andrey"]
[Black "Slizhevsky, Alexander"]
[Result "1/2-1/2"]
[BlackElo "2428"]
[WhiteElo "2485"]
[LiveChessVersion "1.4.8"]

1. e4 {[%clk 1:30:57]} c5 {[%clk 1:30:40]} 2. Nf3 {[%clk 1:31:21]} d6
{[%clk 1:30:56]} 3. d4 {[%clk 1:31:47]} cxd4 {[%clk 1:31:10]} 4. Nxd4
{[%clk 1:32:14]} Nf6 {[%clk 1:31:19]} 5. Nc3 {[%clk 1:32:40]} a6 {[%clk 1:31:32]}
6. Be2 {[%clk 1:33:06]} e5 {[%clk 1:31:47]} 7. Nf3 {[%clk 1:33:33]} h6
{[%clk 1:31:15]} 8. Nd2 {[%clk 1:33:49]} Be6 {[%clk 1:30:33]} 9. Nc4
{[%clk 1:34:13]} b5 {[%clk 1:30:10]} 10. Ne3 {[%clk 1:34:36]} Be7
{[%clk 1:29:32]} 11. a4 {[%clk 1:33:09]} b4 {[%clk 1:25:59]} 12. Ncd5
{[%clk 1:33:36]} Nbd7 {[%clk 1:16:15]} 13. Nxb4 {[%clk 1:27:43]} Nxe4
{[%clk 1:03:22]} 14. Ned5 {[%clk 1:09:16]} Bg5 {[%clk 0:51:10]} 15. O-O
{[%clk 0:59:24]} Bxc1 {[%clk 0:47:42]} 16. Rxc1 {[%clk 0:59:45]} Ndf6
{[%clk 0:32:33]} 17. Nxf6+ {[%clk 0:44:20]} Nxf6 {[%clk 0:31:15]} 18. Bxa6
{[%clk 0:41:22]} O-O {[%clk 0:23:22]} 19. Bb5 {[%clk 0:39:18]} d5
{[%clk 0:23:05]} 20. c4 {[%clk 0:35:09]} dxc4 {[%clk 0:20:52]} 21. Nc6
{[%clk 0:26:54]} Qc7 {[%clk 0:19:36]} 22. Qe2 {[%clk 0:25:25]} e4
{[%clk 0:15:32]} 23. Nd4 {[%clk 0:24:36]} Bd5 {[%clk 0:15:18]} 24. Bxc4
{[%clk 0:22:07]} Qe5 {[%clk 0:11:40]} 25. Bxd5 {[%clk 0:22:21]} Nxd5
{[%clk 0:11:27]} 26. Nc6 {[%clk 0:19:51]} Nf4 {[%clk 0:10:20]} 27. Qe3
{[%clk 0:19:19]} Qg5 {[%clk 0:10:22]} 28. g3 {[%clk 0:16:43]} Nd3
{[%clk 0:10:36]} 29. Qxg5 {[%clk 0:15:41]} hxg5 {[%clk 0:11:01]} 30. Rc4
{[%clk 0:15:45]} Nxb2 {[%clk 0:10:45]} 31. Rb4 {[%clk 0:15:53]} Nxa4
{[%clk 0:09:23]} 32. Rc1 {[%clk 0:15:42]} Rfe8 {[%clk 0:08:27]} 33. Rcc4
{[%clk 0:12:06]} Re6 {[%clk 0:08:40]} 34. Rxa4 {[%clk 0:08:02]} Rxa4
{[%clk 0:09:00]} 35. Rxa4 {[%clk 0:08:31]} Rxc6 {[%clk 0:09:22]} 36. Rxe4
{[%clk 0:08:57]} Kh7 {[%clk 0:09:34]} 37. Kg2 {[%clk 0:09:22]} 1/2-1/2

[Event "Chelyabinsk"]
[Site "?"]
[Date "2019.01.12"]
[Round "1.5"]
[White "Drygalov, Sergey"]
[Black "Tosic, Miroslav"]
[Result "1-0"]
[BlackElo "2360"]
[WhiteElo "2442"]
[LiveChessVersion "1.4.8"]

1. d4 {[%clk 1:30:57]} Nf6 {[%clk 1:30:04]} 2. c4 {[%clk 1:31:24]} e6
{[%clk 1:30:27]} 3. Nf3 {[%clk 1:31:50]} d5 {[%clk 1:30:43]} 4. Nc3
{[%clk 1:31:30]} Nbd7 {[%clk 1:28:43]} 5. Bf4 {[%clk 1:31:30]} dxc4
{[%clk 1:27:53]} 6. e3 {[%clk 1:30:11]} Nd5 {[%clk 1:25:41]} 7. Bxc4
{[%clk 1:29:39]} Nxf4 {[%clk 1:25:40]} 8. exf4 {[%clk 1:30:08]} Nb6
{[%clk 1:25:24]} 9. Bd3 {[%clk 1:29:08]} c5 {[%clk 1:16:42]} 10. dxc5
{[%clk 1:27:33]} Bxc5 {[%clk 1:16:57]} 11. O-O {[%clk 1:27:27]} Be7
{[%clk 1:08:08]} 12. Ne5 {[%clk 1:18:14]} O-O {[%clk 1:03:02]} 13. Qc2
{[%clk 1:10:10]} g6 {[%clk 1:02:52]} 14. Rfd1 {[%clk 1:07:57]} Qc7
{[%clk 0:59:17]} 15. Rac1 {[%clk 0:46:41]} f6 {[%clk 0:54:00]} 16. Bxg6
{[%clk 0:44:52]} fxe5 {[%clk 0:53:50]} 17. Bxh7+ {[%clk 0:45:06]} Kh8
{[%clk 0:54:04]} 18. Qe2 {[%clk 0:44:18]} Bh4 {[%clk 0:31:09]} 19. Bb1
{[%clk 0:40:52]} Qf7 {[%clk 0:31:05]} 20. Qg4 {[%clk 0:37:19]} Bxf2+
{[%clk 0:27:44]} 21. Kxf2 {[%clk 0:37:39]} Qxf4+ {[%clk 0:28:05]} 22. Qxf4
{[%clk 0:38:05]} Rxf4+ {[%clk 0:28:12]} 23. Kg1 {[%clk 0:38:20]} Bd7
{[%clk 0:28:31]} 24. Re1 {[%clk 0:37:51]} Rc8 {[%clk 0:25:24]} 25. Rxe5
{[%clk 0:36:23]} Na4 {[%clk 0:25:32]} 26. g3 {[%clk 0:31:27]} Rb4
{[%clk 0:20:08]} 27. Rf1 {[%clk 0:30:33]} Nxc3 {[%clk 0:18:50]} 28. Rh5+
{[%clk 0:30:38]} Kg8 {[%clk 0:16:17]} 29. Rg5+ {[%clk 0:31:02]} Kh8
{[%clk 0:16:42]} 30. Rf6 {[%clk 0:30:03]} 1-0

[Event "Chelyabinsk"]
[Site "?"]
[Date "2019.01.12"]
[Round "1.6"]
[White "Dauletova, Gulmira"]
[Black "Tologontegin, Semetey"]
[Result "1/2-1/2"]
[BlackElo "2385"]
[WhiteElo "2240"]
[LiveChessVersion "1.4.8"]

1. e4 {[%clk 1:30:56]} c5 {[%clk 1:30:52]} 2. Nf3 {[%clk 1:31:15]} e6
{[%clk 1:31:16]} 3. d4 {[%clk 1:31:37]} cxd4 {[%clk 1:31:39]} 4. Nxd4
{[%clk 1:32:02]} a6 {[%clk 1:31:59]} 5. c4 {[%clk 1:32:12]} Nf6 {[%clk 1:32:05]}
6. Nc3 {[%clk 1:32:32]} Qc7 {[%clk 1:32:27]} 7. a3 {[%clk 1:32:55]} b6
{[%clk 1:32:44]} 8. Be3 {[%clk 1:33:11]} Bb7 {[%clk 1:33:07]} 9. f3
{[%clk 1:33:36]} d6 {[%clk 1:33:23]} 10. Be2 {[%clk 1:33:45]} Be7
{[%clk 1:33:39]} 11. O-O {[%clk 1:33:54]} O-O {[%clk 1:33:50]} 12. Rc1
{[%clk 1:33:56]} Nbd7 {[%clk 1:33:58]} 13. Qd2 {[%clk 1:33:35]} Rfc8
{[%clk 1:34:14]} 14. b4 {[%clk 1:33:11]} Rab8 {[%clk 1:33:47]} 15. Rfd1
{[%clk 1:33:19]} Qd8 {[%clk 1:19:03]} 16. Bf1 {[%clk 1:30:57]} Qf8
{[%clk 1:17:28]} 17. h3 {[%clk 1:29:57]} Bd8 {[%clk 1:05:15]} 18. Nb3
{[%clk 1:09:27]} Bc7 {[%clk 1:00:09]} 19. Qf2 {[%clk 1:03:12]} Rd8
{[%clk 0:36:43]} 20. Kh1 {[%clk 1:02:41]} h6 {[%clk 0:36:24]} 21. Bf4
{[%clk 0:54:54]} Qe7 {[%clk 0:17:12]} 22. Bh2 {[%clk 0:51:13]} Ba8
{[%clk 0:12:23]} 23. Qe3 {[%clk 0:49:04]} Bb7 {[%clk 0:07:09]} 24. f4
{[%clk 0:43:05]} Kh8 {[%clk 0:07:03]} 25. Be2 {[%clk 0:39:25]} Rbc8
{[%clk 0:05:07]} 26. Bf3 {[%clk 0:36:25]} Nh7 {[%clk 0:05:04]} 27. Nd4
{[%clk 0:28:43]} Bb8 {[%clk 0:05:01]} 28. Qe2 {[%clk 0:28:28]} Nhf8
{[%clk 0:04:58]} 29. e5 {[%clk 0:21:45]} Bxf3 {[%clk 0:05:04]} 30. Nxf3
{[%clk 0:22:12]} dxe5 {[%clk 0:04:32]} 31. fxe5 {[%clk 0:22:40]} Ng6
{[%clk 0:04:38]} 32. Rd4 {[%clk 0:19:19]} Ndf8 {[%clk 0:04:37]} 33. Rcd1
{[%clk 0:18:17]} Rxd4 {[%clk 0:03:16]} 34. Rxd4 {[%clk 0:18:44]} a5
{[%clk 0:03:08]} 35. Nb5 {[%clk 0:13:03]} axb4 {[%clk 0:02:48]} 36. Nd6
{[%clk 0:13:26]} Bxd6 {[%clk 0:02:52]} 37. exd6 {[%clk 0:13:49]} Qd7
{[%clk 0:03:10]} 38. axb4 {[%clk 0:13:51]} f6 {[%clk 0:03:12]} 39. Qd3
{[%clk 0:07:23]} Qc6 {[%clk 0:02:52]} 40. Nd2 {[%clk 0:04:06]} Rd8
{[%clk 0:02:18]} 41. h4 {[%clk 0:03:08]} Ne5 {[%clk 0:01:43]} 42. Qa3
{[%clk 0:00:51]} Nf7 {[%clk 0:01:24]} 43. c5 {[%clk 0:00:51]} e5 {[%clk 0:01:18]}
44. Rc4 {[%clk 0:00:54]} bxc5 {[%clk 0:01:21]} 45. bxc5 {[%clk 0:01:22]} Ne6
{[%clk 0:01:34]} 46. Qf3 {[%clk 0:01:04]} Rc8 {[%clk 0:00:57]} 47. Bg1
{[%clk 0:00:48]} Qxf3 {[%clk 0:00:42]} 48. gxf3 Kg8 {[%clk 0:00:48]} 49. Ra4
{[%clk 0:00:46]} Nxc5 {[%clk 0:00:47]} 50. Rc4 {[%clk 0:00:52]} Nxd6
{[%clk 0:01:07]} 51. Rxc5 {[%clk 0:01:18]} Rxc5 {[%clk 0:01:34]} 52. Bxc5
{[%clk 0:01:45]} Nf5 {[%clk 0:01:51]} 53. Bf2 {[%clk 0:02:03]} g5
{[%clk 0:02:09]} 54. Ne4 {[%clk 0:02:01]} Kf7 {[%clk 0:02:16]} 55. hxg5
{[%clk 0:01:52]} hxg5 {[%clk 0:02:19]} 56. Kg2 {[%clk 0:01:48]} Kg6
{[%clk 0:02:31]} 57. Bb6 {[%clk 0:02:03]} Nh4+ {[%clk 0:02:10]} 58. Kg3
{[%clk 0:01:56]} Nf5+ {[%clk 0:01:37]} 59. Kf2 {[%clk 0:02:22]} Ne7
{[%clk 0:01:50]} 60. Bd8 {[%clk 0:02:01]} Nd5 {[%clk 0:02:02]} 61. Kg3
{[%clk 0:00:44]} Kf5 {[%clk 0:01:47]} 62. Nd6+ {[%clk 0:00:42]} Ke6
{[%clk 0:01:53]} 63. Ne4 {[%clk 0:01:11]} Kf5 {[%clk 0:02:18]} 64. Nf2
{[%clk 0:01:05]} Nb4 {[%clk 0:01:13]} 65. Ne4 {[%clk 0:00:48]} Nd5
{[%clk 0:01:35]} 66. Nc5 {[%clk 0:01:07]} Nc3 {[%clk 0:01:38]} 67. Nd7
{[%clk 0:00:39]} Nd5 {[%clk 0:01:48]} 68. Kf2 {[%clk 0:00:36]} g4
{[%clk 0:01:39]} 69. fxg4+ {[%clk 0:00:40]} Kxg4 {[%clk 0:02:03]} 70. Nxf6+
{[%clk 0:00:58]} Nxf6 {[%clk 0:02:28]} 71. Bxf6 {[%clk 0:01:25]} e4
{[%clk 0:02:53]} 1/2-1/2

[Event "Chelyabinsk"]
[Site "?"]
[Date "2019.01.12"]
[Round "1.7"]
[White "Radzhabov, Rodion"]
[Black "Kholopov, Alexander A."]
[Result "0-1"]
[BlackElo "2211"]
[WhiteElo "2329"]
[LiveChessVersion "1.4.8"]

1. e4 {[%clk 1:30:57]} c5 {[%clk 1:30:52]} 2. Nf3 {[%clk 1:31:21]} Nc6
{[%clk 1:31:19]} 3. Bb5 {[%clk 1:31:41]} Qb6 {[%clk 1:31:27]} 4. Nc3
{[%clk 1:31:47]} e6 {[%clk 1:31:51]} 5. O-O {[%clk 1:30:27]} Nge7
{[%clk 1:32:14]} 6. a4 {[%clk 1:17:52]} a6 {[%clk 1:32:29]} 7. Bc4
{[%clk 1:17:55]} Ng6 {[%clk 1:32:28]} 8. d3 {[%clk 1:17:15]} Be7 {[%clk 1:32:37]}
9. Ne2 {[%clk 1:10:17]} O-O {[%clk 1:22:54]} 10. c3 {[%clk 1:10:11]} Rd8
{[%clk 1:18:28]} 11. Ba2 {[%clk 1:01:06]} d5 {[%clk 1:15:43]} 12. Qc2
{[%clk 0:59:13]} Qc7 {[%clk 1:02:50]} 13. Be3 {[%clk 0:53:27]} b6
{[%clk 0:59:10]} 14. Rad1 {[%clk 0:44:37]} Bb7 {[%clk 0:56:31]} 15. exd5
{[%clk 0:43:36]} exd5 {[%clk 0:56:56]} 16. d4 {[%clk 0:43:48]} c4
{[%clk 0:57:22]} 17. Bb1 {[%clk 0:42:34]} Bc8 {[%clk 0:57:21]} 18. Ne5
{[%clk 0:38:11]} Bd6 {[%clk 0:52:20]} 19. f4 {[%clk 0:37:09]} Nf8
{[%clk 0:52:40]} 20. Ng3 {[%clk 0:25:11]} Ne7 {[%clk 0:49:55]} 21. Rde1
{[%clk 0:21:46]} f6 {[%clk 0:41:53]} 22. Bc1 {[%clk 0:21:18]} Ra7
{[%clk 0:19:47]} 23. Qe2 {[%clk 0:19:54]} Bd7 {[%clk 0:17:40]} 24. Bc2
{[%clk 0:18:00]} Qc8 {[%clk 0:17:47]} 25. Qf3 {[%clk 0:16:37]} Be8
{[%clk 0:10:08]} 26. h4 {[%clk 0:15:17]} Bb8 {[%clk 0:09:14]} 27. Ng4
{[%clk 0:08:53]} Nfg6 {[%clk 0:04:27]} 28. f5 {[%clk 0:05:00]} Nf8
{[%clk 0:03:28]} 29. Ne2 {[%clk 0:03:25]} Bf7 {[%clk 0:03:32]} 30. h5
{[%clk 0:02:32]} h6 {[%clk 0:03:27]} 31. Nf4 {[%clk 0:00:45]} Bxf4
{[%clk 0:03:48]} 32. Qxf4 {[%clk 0:00:53]} Nh7 {[%clk 0:03:31]} 33. Nxh6+
{[%clk 0:00:44]} gxh6 {[%clk 0:03:48]} 34. Qxh6 {[%clk 0:01:13]} Kh8
{[%clk 0:03:13]} 35. Rf3 {[%clk 0:00:54]} Rg8 {[%clk 0:03:13]} 36. Qf4
{[%clk 0:00:40]} Ng5 {[%clk 0:02:57]} 37. Rfe3 {[%clk 0:00:35]} Qf8
{[%clk 0:01:57]} 38. Kf2 {[%clk 0:00:32]} Qg7 {[%clk 0:02:04]} 39. Rg3
{[%clk 0:00:35]} Rd7 {[%clk 0:01:29]} 40. Ree3 {[%clk 0:00:34]} Qf8
{[%clk 0:01:19]} 41. h6 {[%clk 0:00:39]} Nc8 {[%clk 0:01:23]} 42. h7
{[%clk 0:00:52]} Rg7 {[%clk 0:01:39]} 43. Qb8 {[%clk 0:00:47]} Rd8
{[%clk 0:01:49]} 44. Qc7 {[%clk 0:00:33]} Nd6 {[%clk 0:01:58]} 45. Qxb6
{[%clk 0:00:44]} Nge4+ {[%clk 0:00:50]} 46. Bxe4 {[%clk 0:00:56]} Rxg3
{[%clk 0:01:12]} 47. Rxg3 {[%clk 0:00:32]} Nxe4+ {[%clk 0:01:33]} 48. Kg1
{[%clk 0:00:36]} Nxg3 {[%clk 0:01:48]} 49. Qxf6+ {[%clk 0:00:53]} Kxh7
{[%clk 0:02:12]} 50. Bg5 {[%clk 0:00:32]} Re8 {[%clk 0:01:51]} 51. Bh6
{[%clk 0:00:57]} Re1+ {[%clk 0:01:33]} 0-1

[Event "Chelyabinsk"]
[Site "?"]
[Date "2019.01.12"]
[Round "1.8"]
[White "Frolov, Ivan"]
[Black "Sitnikov, Anton"]
[Result "0-1"]
[BlackElo "2410"]
[WhiteElo "2210"]
[LiveChessVersion "1.4.8"]

1. e4 {[%clk 1:30:55]} d6 {[%clk 1:30:53]} 2. d4 {[%clk 1:31:19]} Nf6
{[%clk 1:31:20]} 3. Nc3 {[%clk 1:31:43]} Nbd7 {[%clk 1:31:45]} 4. Nf3
{[%clk 1:31:24]} e5 {[%clk 1:32:10]} 5. Bc4 {[%clk 1:31:49]} Be7 {[%clk 1:32:36]}
6. O-O {[%clk 1:32:07]} O-O {[%clk 1:33:02]} 7. Re1 {[%clk 1:32:02]} c6
{[%clk 1:33:27]} 8. a4 {[%clk 1:32:28]} exd4 {[%clk 1:32:50]} 9. Nxd4
{[%clk 1:32:52]} Ne5 {[%clk 1:33:11]} 10. Bf1 {[%clk 1:33:14]} Re8
{[%clk 1:33:27]} 11. h3 {[%clk 1:33:38]} Ng6 {[%clk 1:31:30]} 12. Be3
{[%clk 1:33:38]} Bf8 {[%clk 1:30:49]} 13. Bd3 {[%clk 1:32:49]} Bd7
{[%clk 1:24:22]} 14. f4 {[%clk 1:31:34]} b6 {[%clk 1:11:48]} 15. g4
{[%clk 1:22:14]} h6 {[%clk 1:09:22]} 16. Nf3 {[%clk 1:19:44]} a6 {[%clk 1:07:19]}
17. f5 {[%clk 1:13:23]} Ne5 {[%clk 1:07:20]} 18. Nxe5 {[%clk 1:13:46]} dxe5
{[%clk 1:04:12]} 19. g5 {[%clk 1:08:04]} hxg5 {[%clk 1:00:54]} 20. Bxg5
{[%clk 1:08:30]} Bc5+ {[%clk 0:55:21]} 21. Kh2 {[%clk 1:03:44]} Qe7
{[%clk 0:55:36]} 22. Qf3 {[%clk 1:02:07]} b5 {[%clk 0:26:09]} 23. Ne2
{[%clk 0:59:13]} Qd6 {[%clk 0:25:51]} 24. Rad1 {[%clk 0:58:49]} Nh7
{[%clk 0:26:09]} 25. Bc1 {[%clk 0:58:52]} Qe7 {[%clk 0:23:30]} 26. Rg1
{[%clk 0:52:44]} Bxg1+ {[%clk 0:23:07]} 27. Rxg1 {[%clk 0:53:10]} Kh8
{[%clk 0:21:16]} 28. Qh5 {[%clk 0:47:38]} Rg8 {[%clk 0:19:09]} 29. Bg5
{[%clk 0:39:49]} f6 {[%clk 0:18:22]} 30. Be3 {[%clk 0:39:30]} Be8
{[%clk 0:18:35]} 31. Qh4 {[%clk 0:39:10]} g5 {[%clk 0:17:15]} 32. Qf2
{[%clk 0:34:45]} Qg7 {[%clk 0:11:53]} 33. Qe1 {[%clk 0:33:26]} Nf8
{[%clk 0:08:15]} 34. Qc3 {[%clk 0:32:01]} Rb8 {[%clk 0:07:13]} 35. a5
{[%clk 0:31:55]} Qh6 {[%clk 0:06:15]} 36. Rg3 {[%clk 0:31:50]} Rb7
{[%clk 0:06:13]} 37. Qc5 {[%clk 0:31:29]} Rh7 {[%clk 0:04:23]} 38. Ng1
{[%clk 0:30:26]} Qg7 {[%clk 0:03:50]} 39. b4 {[%clk 0:26:04]} Qc7
{[%clk 0:03:44]} 40. Kg2 {[%clk 0:25:46]} Nd7 {[%clk 0:03:58]} 41. Qc3
{[%clk 0:26:12]} Bh5 {[%clk 0:03:45]} 42. Kf2 {[%clk 0:26:16]} c5
{[%clk 0:02:51]} 43. h4 {[%clk 0:16:24]} gxh4 {[%clk 0:03:13]} 44. Rxg8+
{[%clk 0:16:50]} Kxg8 {[%clk 0:03:40]} 45. bxc5 {[%clk 0:17:15]} Nb8
{[%clk 0:01:44]} 46. c6 {[%clk 0:16:54]} Qxc6 {[%clk 0:01:09]} 47. Qd2
{[%clk 0:16:34]} Kh8 {[%clk 0:01:03]} 48. c4 {[%clk 0:16:04]} bxc4
{[%clk 0:00:46]} 49. Bxc4 {[%clk 0:15:34]} Qxc4 {[%clk 0:01:12]} 50. Qd8+
{[%clk 0:15:59]} Kg7 {[%clk 0:01:39]} 51. Qxb8 {[%clk 0:15:49]} Qc2+
{[%clk 0:00:47]} 52. Ke1 {[%clk 0:15:30]} Qxe4 {[%clk 0:01:12]} 53. Qb7+
{[%clk 0:15:55]} Qxb7 {[%clk 0:01:36]} 0-1

[Event "Chelyabinsk"]
[Site "?"]
[Date "2019.01.12"]
[Round "1.9"]
[White "Remizov, Yaroslav"]
[Black "Ponomariov, Valeriy"]
[Result "1/2-1/2"]
[BlackElo "2378"]
[WhiteElo "2357"]
[LiveChessVersion "1.4.8"]

1. e4 {[%clk 1:30:58]} e5 {[%clk 1:30:51]} 2. Nf3 {[%clk 1:31:24]} Nc6
{[%clk 1:31:14]} 3. Nc3 {[%clk 1:31:50]} Nf6 {[%clk 1:31:36]} 4. Be2
{[%clk 1:32:16]} d5 {[%clk 1:31:34]} 5. exd5 {[%clk 1:32:40]} Nxd5
{[%clk 1:31:56]} 6. O-O {[%clk 1:33:06]} Nxc3 {[%clk 1:32:06]} 7. bxc3
{[%clk 1:33:31]} e4 {[%clk 1:30:32]} 8. Ne1 {[%clk 1:33:58]} Bd6 {[%clk 1:30:48]}
9. f3 {[%clk 1:33:50]} Bf5 {[%clk 1:30:15]} 10. Rb1 {[%clk 1:31:58]} O-O
{[%clk 1:29:45]} 11. fxe4 {[%clk 1:16:12]} Bxe4 {[%clk 1:29:57]} 12. Bf3
{[%clk 1:16:09]} Qe7 {[%clk 1:19:10]} 13. Rxb7 {[%clk 1:04:55]} Bc5+
{[%clk 1:12:37]} 14. Kh1 {[%clk 1:02:38]} Bb6 {[%clk 1:12:21]} 15. Ba3
{[%clk 1:00:28]} Bxf3 {[%clk 1:09:48]} 16. Qxf3 {[%clk 1:00:51]} Qxa3
{[%clk 1:10:08]} 17. Qxc6 {[%clk 1:01:17]} Qc1 {[%clk 1:02:50]} 18. Qc4
{[%clk 0:53:34]} Qxd2 {[%clk 0:58:21]} 19. Nf3 {[%clk 0:53:57]} Qd6
{[%clk 0:51:39]} 20. Nd4 {[%clk 0:51:40]} Rad8 {[%clk 0:48:00]} 21. Nc6
{[%clk 0:34:34]} Qe6 {[%clk 0:39:35]} 22. Qxe6 {[%clk 0:34:58]} fxe6
{[%clk 0:40:02]} 23. Rxf8+ {[%clk 0:35:25]} Rxf8 {[%clk 0:40:28]} 24. h4
{[%clk 0:35:39]} Rf4 {[%clk 0:28:58]} 25. g3 {[%clk 0:36:07]} Rf1+
{[%clk 0:26:11]} 26. Kg2 {[%clk 0:36:27]} Rf2+ {[%clk 0:26:30]} 27. Kh3
{[%clk 0:27:03]} Rxc2 {[%clk 0:26:30]} 28. Nd8 {[%clk 0:27:07]} Rxc3
{[%clk 0:24:44]} 29. Nxe6 {[%clk 0:19:46]} h6 {[%clk 0:24:14]} 30. a4
{[%clk 0:19:54]} Kf7 {[%clk 0:20:24]} 31. Nf4 {[%clk 0:20:18]} Rc5
{[%clk 0:18:43]} 32. Nd3 {[%clk 0:17:59]} Rd5 {[%clk 0:18:23]} 33. Nb2
{[%clk 0:17:23]} Rc5 {[%clk 0:15:37]} 34. Nd3 {[%clk 0:16:46]} Ra5
{[%clk 0:14:35]} 35. Nb2 {[%clk 0:16:56]} Kf6 {[%clk 0:13:39]} 36. Kg2
{[%clk 0:14:38]} h5 {[%clk 0:12:55]} 37. Kf3 {[%clk 0:14:27]} Rf5+
{[%clk 0:13:04]} 38. Ke4 {[%clk 0:13:54]} Re5+ {[%clk 0:13:28]} 39. Kf4
{[%clk 0:13:34]} Rd5 {[%clk 0:13:31]} 40. Kf3 {[%clk 0:12:41]} Rc5
{[%clk 0:12:53]} 41. Nd3 {[%clk 0:10:55]} Rc3 {[%clk 0:12:00]} 42. Ke2
{[%clk 0:11:05]} Rc2+ {[%clk 0:09:54]} 43. Kf1 {[%clk 0:06:00]} Ra2
{[%clk 0:03:51]} 44. Nf4 {[%clk 0:04:53]} Rxa4 {[%clk 0:02:03]} 45. Nd5+
{[%clk 0:03:11]} Kg6 {[%clk 0:01:10]} 46. Nxc7 {[%clk 0:03:01]} Re4
{[%clk 0:00:35]} 47. Nd5 {[%clk 0:03:07]} Bd4 {[%clk 0:01:00]} 48. Nf4+
{[%clk 0:02:22]} Kf5 {[%clk 0:01:11]} 49. Nxh5 {[%clk 0:01:09]} g6
{[%clk 0:00:38]} 50. Nf4 {[%clk 0:01:07]} Kg4 {[%clk 0:00:40]} 51. Kg2
{[%clk 0:00:40]} Be5 {[%clk 0:00:34]} 52. Nxg6 {[%clk 0:00:33]} Bxg3
{[%clk 0:00:47]} 53. Rxa7 {[%clk 0:00:38]} Re2+ {[%clk 0:01:13]} 54. Kf1
{[%clk 0:00:42]} Re1+ {[%clk 0:01:38]} 55. Kg2 {[%clk 0:01:10]} Re2+
{[%clk 0:01:48]} 56. Kf1 {[%clk 0:01:38]} Re6 {[%clk 0:01:51]} 57. Ra4+
{[%clk 0:01:43]} Kh3 {[%clk 0:00:38]} 58. Nf4+ {[%clk 0:02:09]} 1/2-1/2